Μανιφέστα του σουρρεαλισμού
Αποθηκεύτηκε σε:
| Κύριος συγγραφέας: | |
|---|---|
| Άλλοι συγγραφείς: | |
| Μορφή: | Βιβλίο |
| Γλώσσα: | Greek |
| Δημοσίευση: |
Αθήνα; Γιάννινα :
Δωδώνη ,
1983
|
| Θέματα: | |
| Ετικέτες: |
Προσθήκη ετικέτας
Δεν υπάρχουν, Καταχωρήστε ετικέτα πρώτοι!
|
MARC
| LEADER | 00000nam a2200000 i 4500 | ||
|---|---|---|---|
| 001 | 1/77403 | ||
| 008 | 960807s1983 gre d | ||
| 035 | |a 1993 |b 1 |c Καμπουροπούλου |l 10032653 | ||
| 040 | |a GR-MY-UA |b gre |e aacr | ||
| 041 | 0 | |a gre | |
| 082 | 0 | |a 809.91 | |
| 100 | 1 | |a Breton, Andre |d 1896-1966. | |
| 245 | 1 | 0 | |a Μανιφέστα του σουρρεαλισμού / |c Andre Breton ; εισαγωγή, μετάφραση, σημειώσεις Ελένης Μοσχονά |
| 260 | |a Αθήνα; Γιάννινα : |b Δωδώνη , |c 1983 | ||
| 300 | |a 222 σ. | ||
| 650 | 0 | 0 | |a Surrealism (Literature) |
| 700 | 1 | |a Μοσχονά, Ελένη. |4 trl | |
| 852 | |a INST |b RHODES |e 19960807 |h 809.91 BRE |p 005400009609 |q 005400009609 |t BK |y 0 | ||
| 909 | |a Ρ |b 025755 |c 1993 | ||
| 970 | |z 2000/07/ΚΑΤΕΡΙΝΑ | ||